<?xml version="1.0" encoding="UTF-8"?>
<record
    xmlns:xsi="http://www.w3.org/2001/XMLSchema-instance"
    xsi:schemaLocation="http://www.loc.gov/MARC21/slim http://www.loc.gov/standards/marcxml/schema/MARC21slim.xsd"
    xmlns="http://www.loc.gov/MARC21/slim">

  <leader>00324nam a22001337a 4500</leader>
  <controlfield tag="008">251206b        |||||||| |||| 00| 0 eng d</controlfield>
  <datafield tag="040" ind1=" " ind2=" ">
    <subfield code="a">04</subfield>
  </datafield>
  <datafield tag="100" ind1=" " ind2=" ">
    <subfield code="a">MITTAL , D P</subfield>
  </datafield>
  <datafield tag="245" ind1=" " ind2=" ">
    <subfield code="a">LAW RELATING TO INFORMATION TECHNOLOGY</subfield>
  </datafield>
  <datafield tag="260" ind1=" " ind2=" ">
    <subfield code="a">COMMERCIAL LAW PUB</subfield>
  </datafield>
  <datafield tag="300" ind1=" " ind2=" ">
    <subfield code="a">747</subfield>
  </datafield>
  <datafield tag="650" ind1=" " ind2=" ">
    <subfield code="a">INFORMATION TECHNOLOGY</subfield>
  </datafield>
  <datafield tag="942" ind1=" " ind2=" ">
    <subfield code="c">20</subfield>
  </datafield>
  <datafield tag="999" ind1=" " ind2=" ">
    <subfield code="c">66811</subfield>
    <subfield code="d">66811</subfield>
  </datafield>
  <datafield tag="952" ind1=" " ind2=" ">
    <subfield code="0">0</subfield>
    <subfield code="1">0</subfield>
    <subfield code="2">ddc</subfield>
    <subfield code="4">0</subfield>
    <subfield code="7">0</subfield>
    <subfield code="9">560782</subfield>
    <subfield code="a">04</subfield>
    <subfield code="b">04</subfield>
    <subfield code="d">2025-12-06</subfield>
    <subfield code="e">R LALL BOOK</subfield>
    <subfield code="g">895.00</subfield>
    <subfield code="l">1</subfield>
    <subfield code="p">04-B-13042</subfield>
    <subfield code="r">2025-12-06</subfield>
    <subfield code="s">2025-12-06</subfield>
    <subfield code="w">2025-12-06</subfield>
    <subfield code="y">20</subfield>
  </datafield>
  <datafield tag="952" ind1=" " ind2=" ">
    <subfield code="0">0</subfield>
    <subfield code="1">0</subfield>
    <subfield code="2">ddc</subfield>
    <subfield code="4">0</subfield>
    <subfield code="7">0</subfield>
    <subfield code="9">560783</subfield>
    <subfield code="a">04</subfield>
    <subfield code="b">04</subfield>
    <subfield code="d">2025-12-06</subfield>
    <subfield code="e">R LALL BOOK</subfield>
    <subfield code="g">895.00</subfield>
    <subfield code="l">0</subfield>
    <subfield code="p">04-B-13043</subfield>
    <subfield code="r">2025-12-06</subfield>
    <subfield code="w">2025-12-06</subfield>
    <subfield code="y">20</subfield>
  </datafield>
  <datafield tag="952" ind1=" " ind2=" ">
    <subfield code="0">0</subfield>
    <subfield code="1">0</subfield>
    <subfield code="2">ddc</subfield>
    <subfield code="4">0</subfield>
    <subfield code="7">0</subfield>
    <subfield code="9">560784</subfield>
    <subfield code="a">04</subfield>
    <subfield code="b">04</subfield>
    <subfield code="d">2025-12-06</subfield>
    <subfield code="e">R LALL BOOK</subfield>
    <subfield code="g">895.00</subfield>
    <subfield code="l">0</subfield>
    <subfield code="p">04-B-13044</subfield>
    <subfield code="r">2025-12-06</subfield>
    <subfield code="w">2025-12-06</subfield>
    <subfield code="y">20</subfield>
  </datafield>
  <datafield tag="952" ind1=" " ind2=" ">
    <subfield code="0">0</subfield>
    <subfield code="1">0</subfield>
    <subfield code="2">ddc</subfield>
    <subfield code="4">0</subfield>
    <subfield code="7">0</subfield>
    <subfield code="9">560785</subfield>
    <subfield code="a">04</subfield>
    <subfield code="b">04</subfield>
    <subfield code="d">2025-12-06</subfield>
    <subfield code="e">R LALL BOOK</subfield>
    <subfield code="g">895.00</subfield>
    <subfield code="l">0</subfield>
    <subfield code="p">04-B-13045</subfield>
    <subfield code="r">2025-12-06</subfield>
    <subfield code="w">2025-12-06</subfield>
    <subfield code="y">20</subfield>
  </datafield>
  <datafield tag="952" ind1=" " ind2=" ">
    <subfield code="0">0</subfield>
    <subfield code="1">0</subfield>
    <subfield code="2">ddc</subfield>
    <subfield code="4">0</subfield>
    <subfield code="7">0</subfield>
    <subfield code="9">560786</subfield>
    <subfield code="a">04</subfield>
    <subfield code="b">04</subfield>
    <subfield code="d">2025-12-06</subfield>
    <subfield code="e">R LALL BOOK</subfield>
    <subfield code="g">895.00</subfield>
    <subfield code="l">0</subfield>
    <subfield code="p">04-B-13046</subfield>
    <subfield code="r">2025-12-06</subfield>
    <subfield code="w">2025-12-06</subfield>
    <subfield code="y">20</subfield>
  </datafield>
</record>
